| 000 | 00390 a2200157 4500 | ||
|---|---|---|---|
| 003 | Nust | ||
| 005 | 20240122110202.0 | ||
| 040 | _cNust | ||
| 082 | _a423,FER | ||
| 100 |
_aEnglish _9119983 |
||
| 245 |
_aFiroz-ul-Lughat Urdu Jame / _cMaulwi Firoz-ud-Din |
||
| 260 |
_aLahore _bFeroz son PVT Ltd _c1989 |
||
| 300 | _a1124 | ||
| 650 |
_aFeroz Ul Lugaht _9119991 |
||
| 942 |
_2ddc _cBK _k423,FER |
||
| 999 |
_c184440 _d184440 |
||